| 000 | 01061nam a22002777a 4500 | ||
|---|---|---|---|
| 005 | 20180608172110.0 | ||
| 008 | 090417s2009 ii 000 0 eng | ||
| 010 | _aB-515150-151 | ||
| 020 |
_a9788183481595 _c575.00 |
||
| 020 | _a8183481590 | ||
| 035 | _aB-515150-151,B-492645 | ||
| 037 | _aKKP/Ven | ||
| 040 |
_adpl _bEnglish |
||
| 082 | _a000 | ||
| 245 |
_aPathfinder CDS entrance examination Combined Defence Services conducted by Union Public Service Commission / _cby Sanjeev Jain [et. al...] |
||
| 246 | _aPathfinder CDS entrance examination | ||
| 260 |
_aMeerut _bArihant Prakashan _c201? |
||
| 270 |
_aKalindi, TP Nagar, _bMeerut |
||
| 300 |
_a979 _c30cm(pbk) |
||
| 490 | _aCDSE study skills | ||
| 500 | _aMore than 8000 objective questions | ||
| 650 | _aCombine Defence Services Examination | ||
| 700 | _aJain, Sanjeev | ||
| 942 |
_2ddc _cEN _mPAT _h000 |
||
| 999 |
_c75689 _d75689 |
||